00338 a2200109 450000100060000008200110000610000250001724500960004226000340013830000330017250000230020588086 aPR 325 aKamran Hashmi, 35381 aStatic and contact analysis of original side frame 6 to original frame of mushshak aircraft aRisalpurbNUST Risalpurc2004 avii, 45p.eAbid Ali Khan, Dr aBE project reports